[Event "Camaguey Province-ch sf"]
[Site "Camaguey"]
[Date "2009.08.16"]
[Round "2"]
[White "Rodriguez Turino, Ladislao"]
[Black "Falo, Jose"]
[Result "1/2-1/2"]
[WhiteElo "2240"]
[BlackElo "2072"]
[PlyCount "87"]
[EventDate "2009.08.15"]
[EventType "tourn"]
[EventRounds "17"]
[EventCountry "CUB"]
[EventCategory "1"]
[SourceTitle "EXT 2012"]
[Source "ChessBase"]
[SourceDate "2011.11.24"]
[SourceVersion "1"]
[SourceVersionDate "2011.11.24"]
[SourceQuality "1"]

1. e4 c5 2. Nf3 Nc6 3. Bb5 g6 4. 0-0 Bg7 5. Re1 d6 6. c3 a6 7. Bxc6+ bxc6 8. d4 cxd4 9. cxd4 Nf6 10. Qc2 Qc7 11. Nc3 0-0 12. e5 Bf5 13. Qa4 Nd5 14. Bd2 Qb7 15. Nxd5 cxd5 16. exd6 exd6 17. b3 Rfc8 18. Bf4 Bf8 19. Rac1 Rxc1 20. Rxc1 Rc8 21. Qa3 Rxc1+ 22. Qxc1 Qc8 23. Qxc8 Bxc8 24. Kf1 f6 25. Ke2 Kf7 26. Ne1 Ke6 27. Nc2 Be7 28. Kd3 Bd8 29. Bd2 Bd7 30. a4 g5 31. Ne3 f5 32. Nd1 f4 33. Nc3 Ba5 34. Ne2 Bd8 35. f3 Be8 36. Kc3 Ba5+ 37. b4 Bb6 38. Kb3 Bg6 39. a5 Ba7 40. Kc3 Be8 41. Nc1 Bb5 42. Nd3 Kf5 43. Bc1 h6 44. Bd2 1/2-1/2